Are auditors influenced by the attire worn by clients? A pilot study (Record no. 311237)
[ view plain ]
| 000 -LEADER | |
|---|---|
| fixed length control field | 00683nam a2200145Ia 4500 |
| 008 - FIXED-LENGTH DATA ELEMENTS--GENERAL INFORMATION | |
| fixed length control field | 170221s9999 xx 000 0 und d |
| 100 ## - MAIN ENTRY--PERSONAL NAME | |
| Personal name | O’Callaghan, Susanne |
| 245 ## - TITLE STATEMENT | |
| Title | Are auditors influenced by the attire worn by clients? A pilot study |
| 245 ## - TITLE STATEMENT | |
| Statement of responsibility, etc | Susanne O’Callaghan, Pace University; Umesh Patel, Pace University; John P. Walker, CUNY/Queens College; Raymond J. Elson, Valdosta State University; Lynette Wood, Winston-Salem State University; Donald Wood, Winston-Salem State University. |
| 260 ## - PUBLICATION, DISTRIBUTION, ETC. (IMPRINT) | |
| Name of publisher, distributor, etc | Journal of Management and Marketing Research |
| 260 ## - PUBLICATION, DISTRIBUTION, ETC. (IMPRINT) | |
| Date of publication, distribution, etc | 2012 |
| 300 ## - PHYSICAL DESCRIPTION | |
| Extent | 32 : 5 |
| 650 ## - SUBJECT ADDED ENTRY--TOPICAL TERM | |
| General subdivision | Business |
| 856 ## - ELECTRONIC LOCATION AND ACCESS | |
| Uniform Resource Identifier | <a href="http://www.aabri.com/manuscripts/131754.pdf">http://www.aabri.com/manuscripts/131754.pdf</a> |
| Withdrawn status | Lost status | Damaged status | Home library | Current library | Date acquired | Total Checkouts | Date last seen | Price effective from | Koha item type |
|---|---|---|---|---|---|---|---|---|---|
| College Library | College Library | 02/21/2017 | 02/21/2017 | 02/21/2017 | Foreign e-journal articles |